UBT Library

From high school to college : (Record no. 40767)

000 -LEADER
fixed length control field 00842cam a22002534a 4500
001 - CONTROL NUMBER
control field 13387433
005 - DATE AND TIME OF LATEST TRANSACTION
control field 20180123045942.0
008 - FIXED-LENGTH DATA ELEMENTS--GENERAL INFORMATION
fixed length control field 031029s2004 caua b 001 0 eng
010 ## - LIBRARY OF CONGRESS CONTROL NUMBER
LC control number 2003023724
020 ## - INTERNATIONAL STANDARD BOOK NUMBER
International Standard Book Number 078797062X (alk. paper)
040 ## - CATALOGING SOURCE
Original cataloging agency DLC
Transcribing agency DLC
Modifying agency DLC
041 ## - LANGUAGE CODE
Language code of text/sound track or separate title eng
042 ## - AUTHENTICATION CODE
Authentication code pcc
043 ## - GEOGRAPHIC AREA CODE
Geographic area code n-us---
080 ## - UNIVERSAL DECIMAL CLASSIFICATION NUMBER
Universal Decimal Classification number 379.73 mic
082 00 - DEWEY DECIMAL CLASSIFICATION NUMBER
Classification number 379.73 nic
Edition number 22300/.72 hen
100 ## - Rafti
Rafti 46
101 ## - Shkurtesa
Shkurtesa edu
245 00 - TITLE STATEMENT
Title From high school to college :
Statement of responsibility, etc Michael W. Kirst, Andrea Venezia, editors.
504 ## - BIBLIOGRAPHY, ETC. NOTE
Bibliography, etc Includes bibliographical references and index.
906 ## - LOCAL DATA ELEMENT F, LDF (RLIN)
a 7
b cbc
c orignew
d 1
e ecip
f 20
g y-gencatlg
942 ## - ADDED ENTRY ELEMENTS (KOHA)
Source of classification or shelving scheme
Item type Books
Holdings
Withdrawn status Lost status Source of classification or shelving scheme Damaged status Not for loan Collection code Permanent location Current location Shelving location Date acquired Total Checkouts Full call number Barcode Date last seen Price effective from Koha item type
          Koleksioni i përgjithshem UBT - Lipjan UBT - Lipjan Koleksioni i përgjithshem 01/23/2018   379.73 nic 002-2996072 01/23/2018 01/23/2018 Books
UBT Library © 2015-2024. All rights reserved University Education for Business and Technology